000 00879cam a2200301 4500
001 1245737
003 Ost
005 20140310184424.0
008 730116s1971 enka j 000 1 eng
010 _a 72169704
015 _aB71-06998
020 _a9780439217873
040 _aDLC
_cDLC
_dDLC
050 1 0 _aPZ 7
_b.Ar73394So 1969
100 1 _aArmstrong, William Howard,
_d1914-
_926860
245 1 0 _aSounder /
_cWilliam H. Armstrong; illustrations by James Barkley.
260 _aLondon,
_bGollancz,
_c1969.
300 _a[10], 116 p.
_billus.
_c19 cm.
350 _a£1.10
520 _aProvides activities and discussion for a group of students who all read the same book.
521 _aG8
526 _c900
562 _e1
650 _aSounder.
_926861
906 _a7
_bcbc
_corignew
_d3
_encip
_f19
_gy-gencatlg
942 _2lcc
_cBK-SCHOLAS
999 _c34288
_d34288